A decade of decentralization in Kerala : experience and lessons (Record no. 503133)

000 -LEADER
fixed length control field 00590cam a22001577a 4500
008 - FIXED-LENGTH DATA ELEMENTS--GENERAL INFORMATION
fixed length control field 180718b2007 xxu||||| |||| 00| 0 eng d
020 ## - INTERNATIONAL STANDARD BOOK NUMBER
International Standard Book Number 9788124112229
082 ## - DEWEY DECIMAL CLASSIFICATION NUMBER
Classification number B73x5453 Oo9
245 ## - TITLE STATEMENT
Title A decade of decentralization in Kerala : experience and lessons
Statement of responsibility, etc. edited by M.A. Oommen
260 ## - PUBLICATION, DISTRIBUTION, ETC.
Place of publication, distribution, etc. New Delhi
Name of publisher, distributor, etc. Har - Anand
Date of publication, distribution, etc. 2007
300 ## - PHYSICAL DESCRIPTION
Extent 252p.
650 ## - SUBJECT ADDED ENTRY--TOPICAL TERM
Topical term or geographic name entry element Women -- Political activity -- India -- Kerala -- Congresses
650 ## - SUBJECT ADDED ENTRY--TOPICAL TERM
Topical term or geographic name entry element Decentralization in government -- India -- Kerala -- Congresses
650 ## - SUBJECT ADDED ENTRY--TOPICAL TERM
Topical term or geographic name entry element Local government -- India -- Kerala -- Congresses
700 ## - ADDED ENTRY--PERSONAL NAME
Personal name Oommen, M.A.
Holdings
Withdrawn status Lost status Damaged status Not for loan Permanent Location Current Location Date acquired Full call number Barcode Date last seen Price effective from Koha item type
        Indian Institute of Public Administration Indian Institute of Public Administration 2018-08-04 B73x5453 Oo9 GR19576 2018-08-04 2018-08-04 GR

Powered by Koha